000 00191 a2200097 4500
020 _a9781449925031
041 _aeng
100 _aLocke, M. Louisa
245 _aMaids of misfortune
942 _cBK
999 _c8387
_d8387